Vital, David. Oxford history of modern Europe . - Oxford [u.a.] : Oxford Univ. Press. - 1999 [Rezension]
| Titel: | Vital, David. Oxford history of modern Europe . - Oxford [u.a.] : Oxford Univ. Press. - 1999 [Rezension] |
|---|---|
| Verfasser: | |
| In: |
Judaica, Band 57 (2001), Seite 66-67 alle Artikel anzeigen |
| Veröffentlicht: | 2001 |
| Format: | Aufsatz |
| Sprache: | Deutsch |
X
alg: 39495411
001A $01999:12-11-16
001B $01999:04-08-21 $t21:00:18.000
001C $06050:23-02-17 $t16:44:27.000
001D $01999:12-11-16
001U $0utf8
001X $00
002@ $0Aox
003@ $0394954114
007A $0394954114 $aHEB
007T $0Herdd00272
010@ $ager
011@ $a2001
021A $aVital, David. Oxford history of modern Europe . - Oxford {[u.a.] : Oxford Univ. Press. - 1999 [Rezension]
028A $aKaufmann $dUri R.
031A $d57 $h66-67 $j2001
039B $aIn $8--Abvc--. Judaica. - Zürich : Zürcher Institut für Interreligiösen Dialog (ZIID), 1945-[2018]. - ISSN 0022-572X $x200100000570000934 $9047669764
039T $8--AFu--Vîṭal, Dāwid$Z1927-2023 [Tp1]. Oxford history of modern Europe. A @people apart. - Oxford {[u.a.] : Oxford Univ. Press, 1999. - XVIII, 944 S.. - Kt.. - ISBN 0-19-821980-6 $9073334731
045F $a900.9438 $eDDC23BSB
045F/01 $a900
045F/03 $g438
045T $a7,7 $a1 $a0
045T $aJUDAICA $qDE-30 $2FID
lok: 39495411 78
exp: 39495411 78 1 #EPN
201B/01 $018-11-16 $t13:15:13.000
201U/01 $0utf8
203@/01 $0791252698
208@/01 $a12-11-16 $be
209A/01 $a/ $f000 $x00
220C/01 $aTitelaufnehmer: dt
244Z/01 $2Trx $#Poola $#Lenkija $#Polija $#Polen Land $#Poland $#Lengyelország $#Poľsko $#Polsko $8--Trx--Polska$gkraj $x01 $9391345966
244Z/01 $2Trx $#arvustused $#recenzijos $#Reviews $#recenziók $#recenzje $#recenzie $#recenze $8--Trx--Rezensionen $x02 $9391357441
247C/01 $82080>Marburg/Lahn, Herder-Institut, Forschungsbibliothek, Bibliographieportal $9336309341
| LEADER | 00000caa a22000002c 4500 | ||
|---|---|---|---|
| 001 | 394954114 | ||
| 003 | DE-603 | ||
| 005 | 20210804210018.0 | ||
| 007 | tu | ||
| 008 | 161112s2001 xx |||| | u00||u|ger c | ||
| 035 | |a (DE-599)HEB394954114 | ||
| 040 | |a DE-603 |b ger |c DE-603 |d DE-603 | ||
| 041 | |a ger | ||
| 082 | 0 | 4 | |8 1\u |a 900.9438 |q DE-101 |2 23/BSB |
| 084 | |a 7,7 |a 1 |a 0 |2 ssgn | ||
| 084 | |a JUDAICA |q DE-30 |2 fid | ||
| 085 | |8 1\u |b 900 | ||
| 085 | |8 1\u |z 2 |s 438 | ||
| 100 | 1 | |a Kaufmann, Uri R. | |
| 245 | 0 | 0 | |a Vital, David. Oxford history of modern Europe . - Oxford [u.a.] : Oxford Univ. Press. - 1999 [Rezension] |
| 264 | 0 | |c 2001 | |
| 773 | 0 | 8 | |i In |t Judaica |d Zürich : Zürcher Institut für Interreligiösen Dialog (ZIID), 1945-[2018] |x 0022-572X |g Band 57 (2001), Seite 66-67 |w (DE-603)047669764 |w (DE-600)501373-2 |
| 787 | 0 | 8 | |i Rezension von |a Vîṭal, Dāwid, 1927-2023 |t A people apart |d Oxford [u.a.] : Oxford Univ. Press, 1999 |h XVIII, 944 S., Kt. |z 0198219806 |z 0198208057 |w (DE-603)073334731 |
| 924 | 0 | |9 2080 |a (DE-603)791252698 |b DE-2080 |c HES |d d |g / | |


